| 000 | 00589nam a2200229Ia 4500 | ||
|---|---|---|---|
| 003 | OSt | ||
| 005 | 20220924152842.0 | ||
| 006 | a|||||r|||| 00| 0 | ||
| 007 | ta | ||
| 008 | 220923b |||||||| |||| 00| 0 ara d | ||
| 024 | _a345255 | ||
| 037 | _cTextual | ||
| 040 |
_aARTS _cARTS _bara |
||
| 041 |
_2ara _aara |
||
| 082 | _aV467.D, 28L9 | ||
| 100 |
_aMutbaie Hameed Au. _9227657 |
||
| 245 | 0 | _aMahavar fi al-fikr-o-al-tareekh | |
| 260 | _c1979 | ||
| 650 | _aIRAQ - HISTORY | ||
| 942 |
_hV467.D, 28L9 _cTEXL _2CC |
||
| 999 |
_c471275 _d471275 |
||